000 00353nam a22001217a 4500
040 _cSY
082 _a887
100 _aហ្សី វេសេ
245 _aចំណេះវិជ្ជា ជាមូលដ្ឋានក្នុងការជួសជុលរថយន្ត
260 _aRUA
_bហ្សី
_cNA
300 _a91p.
942 _cKB
999 _c9312
_d9312